La Convention Européenne Des Droits De L'homme Et Le Droit A La Liberté De Certains Malades Et Marginaux : (Record no. 69014)
[ view plain ]
| 000 -LEADER | |
|---|---|
| fixed length control field | 01294nam a2200337 i 4500 |
| 003 - CONTROL NUMBER IDENTIFIER | |
| control field | EG-GICUC |
| 005 - DATE AND TIME OF LATEST TRANSACTION | |
| control field | 20260405161432.0 |
| 008 - FIXED-LENGTH DATA ELEMENTS--GENERAL INFORMATION | |
| fixed length control field | 260405s1986 fr |fr|||| 001 0 fre d |
| 020 ## - INTERNATIONAL STANDARD BOOK NUMBER | |
| International Standard Book Number | 2275009132 |
| 040 ## - CATALOGING SOURCE | |
| Original cataloging agency | EG-GiCUC |
| Language of cataloging | fre |
| Transcribing agency | EG-GiCUC |
| Modifying agency | EG-GiCUC |
| Description conventions | rda |
| 041 #0 - LANGUAGE CODE | |
| Language code of text/sound track or separate title | fre |
| 082 04 - DEWEY DECIMAL CLASSIFICATION NUMBER | |
| Edition number | 21 |
| Classification number | 341.48 |
| Item number | DO . C |
| 092 04 - LOCALLY ASSIGNED DEWEY CALL NUMBER (OCLC) | |
| Edition number | 21 |
| 099 ## - LOCAL FREE-TEXT CALL NUMBER (OCLC) | |
| Classification number | Law1 11 341.48 DO . C 1986 |
| 100 1# - MAIN ENTRY--PERSONAL NAME | |
| Personal name | Douraki, Thomaïs |
| Relator term | Auteur |
| 245 12 - TITLE STATEMENT | |
| Title | La Convention Européenne Des Droits De L'homme Et Le Droit A La Liberté De Certains Malades Et Marginaux : |
| Statement of responsibility, etc. | Par Thomaïs Douraki; Avant-propos De Pierre-henri Teitgen; Préface De Alexandre-charles Kiss. |
| 264 #1 - PRODUCTION, PUBLICATION, DISTRIBUTION, MANUFACTURE, AND COPYRIGHT NOTICE | |
| Place of production, publication, distribution, manufacture | Paris : |
| Name of producer, publisher, distributor, manufacturer | Librairie Générale De Droit Et De Jurisprudence, |
| Date of production, publication, distribution, manufacture, or copyright notice | 1986. |
| 300 ## - PHYSICAL DESCRIPTION | |
| Extent | 104 pages, |
| Dimensions | 24 cm |
| Other physical details | |
| 336 ## - CONTENT TYPE | |
| Source | rda content |
| Content type term | text |
| 337 ## - MEDIA TYPE | |
| Source | rda media |
| Media type term | Computer |
| 338 ## - CARRIER TYPE | |
| Source | rda carrier |
| Carrier type term | Online Resource |
| 490 ## - SERIES STATEMENT | |
| Series statement | Bibliotheque De Droit International |
| Volume/sequential designation | Tome Xcvii |
| 504 ## - BIBLIOGRAPHY, ETC. NOTE | |
| Bibliography, etc. note | Comprend des références bibliographiques.<br/><br/> |
| 546 ## - LANGUAGE NOTE | |
| Language note | Texte en français |
| 650 14 - SUBJECT ADDED ENTRY--TOPICAL TERM | |
| Topical term or geographic name entry element | Droit international public |
| 700 1# - ADDED ENTRY--PERSONAL NAME | |
| Personal name | Kiss, Alexandre-charles |
| Relator term | Préfacier |
| 700 1# - ADDED ENTRY--PERSONAL NAME | |
| Personal name | Teitgen, Pierre-henri |
| Relator term | Contributeur |
| 856 40 - ELECTRONIC LOCATION AND ACCESS | |
| Uniform Resource Identifier | <a href="https://fll.law.cu.edu.eg/fulltext/bks/B11-08985.pdf">https://fll.law.cu.edu.eg/fulltext/bks/B11-08985.pdf</a> |
| 905 ## - Cataloger and Reviser Names | |
| Cataloger Name: | Basma Mohamed |
| 942 ## - ADDED ENTRY ELEMENTS (KOHA) | |
| Source of classification or shelving scheme | Dewey Decimal Classification |
| Koha item type | Books |
| Edition | 21 |
| Suppress in OPAC | No |
| Withdrawn status | Lost status | Source of classification or shelving scheme | Damaged status | Not for loan | Collection | Home library | Current library | Date acquired | Total checkouts | Full call number | Barcode | Date last seen | Copy number | Price effective from | Koha item type |
|---|---|---|---|---|---|---|---|---|---|---|---|---|---|---|---|
| Dewey Decimal Classification | Not for loan | القانون الدولي العام | جــــامعة القــاهرة | مكتبة كلية الحقوق - المبنى الرئيسي | 05.04.2026 | Law1 11 341.48 DO . C 1986 1108985 C1 | B11-08985 | 05.04.2026 | 1 | 05.04.2026 | Books |